Prime or Composite? - Statistics

General Stats
  • This quiz has been taken 15 times
    13 since last reset
  • The average score is 15 of 18
Answer Stats
Question Answer % Correct
47 Prime
100%
103 Prime
100%
37 Prime
100%
2 Prime
100%
43 Prime
100%
86 Composite
89%
99 Composite
89%
52 Composite
89%
69 Composite
89%
79 Prime
89%
23 Prime
89%
77 Composite
78%
76 Composite
78%
45 Composite
78%
89 Prime
78%
51 Composite
67%
87 Composite
67%
91 Composite
44%
No matching quizzes found
Score Distribution
Percent of People with Each Score
Percentile by Number Answered
Your Score History
You have not taken this quiz since the last reset